Colección andes (Registro nro. 19311)

Detalles MARC
000 -CABECERA
Campo de control 01085ngm a22003257a 4500
005 - FECHA Y HORA DE LA ULTIMA TRANSACCION
Campo de control 20200104041753.0
008 - ELEMENTOS DE LONGITUD FIJA—INFORMACION GENERAL
Campo de control 170208b xxu||||| |||| 00| 0 spa d
040 ## - FUENTE DE CATALOGACIÓN
Agencia catalogadora original CO-BoIAVH
Agencia transcriptora CO-BoIAVH
041 ## - IDIOMA
Código de idioma para texto/pista de sonido o título separado Español
044 ## - PAÍS DE PUBLICACIÓN
País de publicación Colombia
090 ## - CLASIFICACIÓN LOCAL
Colección AV
Consecutivo 00370
110 1# - ASIENTO PRINCIPAL--NOMBRE CORPORATIVO
Nombre corporativo o de jurisdicción como elemento de entrada Instituto de Investigación de Recursos Biológicos Alexander von Humboldt
9 (RLIN) 204
245 1# - MENCION DE TITULO
Título Colección andes
257 ## - COUNTRY OF PRODUCING ENTITY FOR ARCHIVAL FILMS
Country of producing entity Colombia
260 ## - PUBLICACION, DISTRIBUCION, ETC. (PIE DE IMPRENTA)
Lugar de publicación, distribución, etc. Colombia:
Nombre del editor, distribuidor, etc. Instituto de Investigación de Recursos Biológicos Alexander von Humboldt,
Fecha de publicación, distribución, etc. s.f.
300 ## - DESCRIPCION FISICA
Extensión 5 DVD
Material acompañante Sonido
490 ## - MENCION DE SERIE
Mención de serie Colección Andes
505 ## - NOTA DE CONTENIDO
Nota de contenido V.1 Ej. 1 Colombia Biodiversa
505 ## - NOTA DE CONTENIDO
Nota de contenido V.1 Ej. 2 Biocomercio Sostenible
505 ## - NOTA DE CONTENIDO
Nota de contenido V.1 Ej. 3 Corredores Biologicos
505 ## - NOTA DE CONTENIDO
Nota de contenido V.1 Ej. 4 Nuestros andes Colombianos
505 ## - NOTA DE CONTENIDO
Nota de contenido V.1 Ej. 5 Paisajes Rurales
650 16 - ASIENTO SECUNDARIO DE MATERIA - TERMINO TEMATICO
Término temático o nombre geográfico como elemento de entrada Conservación de recursos
Subdivisión geográfica Región andina Colombiana
9 (RLIN) 79874
650 16 - ASIENTO SECUNDARIO DE MATERIA - TERMINO TEMATICO
Término temático o nombre geográfico como elemento de entrada Paisajes
9 (RLIN) 5483
650 16 - ASIENTO SECUNDARIO DE MATERIA - TERMINO TEMATICO
Término temático o nombre geográfico como elemento de entrada Cercas vivas
9 (RLIN) 92490
650 16 - ASIENTO SECUNDARIO DE MATERIA - TERMINO TEMATICO
Término temático o nombre geográfico como elemento de entrada Ecosistemas criticos
9 (RLIN) 79256
650 16 - ASIENTO SECUNDARIO DE MATERIA - TERMINO TEMATICO
Término temático o nombre geográfico como elemento de entrada Fauna silvestre
9 (RLIN) 92225
650 16 - ASIENTO SECUNDARIO DE MATERIA - TERMINO TEMATICO
Término temático o nombre geográfico como elemento de entrada Sabanas
9 (RLIN) 33142
942 ## - ELEMENTOS ADICIONALES (KOHA)
Sistema de clasificación Local
Tipo de ítem DVD
Existencias
Withdrawn status Lost status Sistema de Clasificación Damaged status No para préstamo Colección Ubicación Permanente Ubicación actual Fecha de adquisición Total Checkouts Número topográfico Inventario / Código de Barras Date last seen Ejemplar Price effective from Forma de adquisición Tipo de material
    Local     Audiovisual Bogotá Bogotá 08/02/2017   AV-00370 042418 08/02/2017 V.1 Ej.1 08/02/2017 Donación DVD
    Local     Audiovisual Bogotá Bogotá 21/02/2017   AV-00370 042411 21/02/2017 V.1 Ej.2 21/02/2017 Institucional DVD
    Local     Audiovisual Bogotá Bogotá 21/02/2017   AV-00370 042414 21/02/2017 V.1 Ej.3 21/02/2017 Institucional DVD
    Local     Audiovisual Bogotá Bogotá 21/02/2017   AV-00370 042413 21/02/2017 V.1 Ej.4 21/02/2017 Institucional DVD
    Local     Audiovisual Bogotá Bogotá 21/02/2017   AV-00370 042419 21/02/2017 V.1 Ej.5 21/02/2017 Institucional DVD
    Local   No para Préstamo Audiovisual Bogotá Bogotá 21/02/2017   AV-00370 042412 21/02/2017 V.2 Ej.1 21/02/2017 Institucional DVD
    Local   No para Préstamo Audiovisual Bogotá Bogotá 21/02/2017   AV-00370 042407 21/02/2017 V.2 Ej.2 21/02/2017 Institucional DVD
    Local   No para Préstamo Audiovisual Bogotá Bogotá 21/02/2017   AV-00370 042410 21/02/2017 V.2 Ej.3 21/02/2017 Institucional DVD
    Local   No para Préstamo Audiovisual Bogotá Bogotá 21/02/2017   AV-00370 042408 21/02/2017 V.2 Ej.4 21/02/2017 Institucional DVD
    Local   No para Préstamo Audiovisual Bogotá Bogotá 21/02/2017   AV-00370 042409 21/02/2017 V.2 Ej.5 21/02/2017 Institucional DVD